Albums by Ween - Statistics

General Stats
  • This quiz has been taken 120 times
  • The average score is 8 of 9
Answer Stats
Year Album % Correct
1997 The Mollusk
99%
2003 Quebec
95%
1994 Chocolate and Cheese
94%
1992 Pure Guava
93%
1990 GodWeenSatan: The Oneness
90%
1991 The Pod
90%
2000 White Pepper
90%
1996 12 Golden Country Greats
84%
2007 La Cucaracha
82%
No matching quizzes found
Score Distribution
Percent of People with Each Score
Percentile by Number Answered
Your Score History
You have not taken this quiz